| 000 | 00548nam a2200229Ia 4500 | ||
|---|---|---|---|
| 003 | OSt | ||
| 005 | 20221005130035.0 | ||
| 006 | a|||||r|||| 00| 0 | ||
| 007 | ta | ||
| 008 | 221004b |||||||| |||| 00| 0 mal d | ||
| 024 | _a58473 | ||
| 037 | _cTextual | ||
| 040 |
_aCRL _cCRL _bmal |
||
| 041 |
_2mal _amal |
||
| 082 | _aQ2k, 32K4 | ||
| 100 |
_aMani vettom _9637508 |
||
| 245 | 0 | _aPuranic encyclopaedia | |
| 260 | _c1964 | ||
| 650 | _aRELIGION | ||
| 942 |
_hQ2k, 32K4 _cTEXL _2cc |
||
| 999 |
_c1055888 _d1055888 |
||